[Event "Eger Tel op"]
[Site "Eger"]
[Date "2009.01.30"]
[Round "2"]
[White "Botos, Krisztian"]
[Black "Solyom, Sandor"]
[Result "1-0"]
[WhiteElo "1885"]
[BlackElo "1784"]
[PlyCount "69"]
[EventDate "2009.01.29"]
[EventType "swiss"]
[EventRounds "7"]
[EventCountry "HUN"]
[SourceTitle "EXT 2011"]
[Source "ChessBase"]
[SourceDate "2010.11.26"]
[SourceVersion "1"]
[SourceVersionDate "2010.11.26"]
[SourceQuality "1"]

1. e4 e6 2. d4 b6 3. c4 Bb7 4. Nc3 Bb4 5. Qc2 Qh4 6. Bd3 d5 7. g3 Qd8 8. cxd5 exd5 9. e5 c5 10. Nge2 Nc6 11. Be3 Qe7 12. f4 f6 13. 0-0 Bxc3 14. bxc3 g6 15. Bb5 a6 16. Bxc6+ Bxc6 17. Rab1 b5 18. dxc5 Nh6 19. Bd4 Ng4 20. Rbe1 0-0-0 21. Nc1 f5 22. Nd3 h5 23. Nb4 Kb7 24. Nxc6 Kxc6 25. a4 h4 26. h3 hxg3 27. axb5+ axb5 28. hxg4 Qh4 29. Qg2 Qxg4 30. Rf3 Rh3 31. e6 Ra8 32. e7 Kd7 33. Rfe3 Ke8 34. Qxd5 Rh1+ 35. Qxh1 1-0

[Event "Eger Osz op"]
[Site "Eger"]
[Date "2008.10.24"]
[Round "5"]
[White "Kis, Jozsef"]
[Black "Botos, Krisztian"]
[Result "1-0"]
[WhiteElo "2115"]
[BlackElo "1877"]
[PlyCount "67"]
[EventDate "2008.10.22"]
[EventType "swiss"]
[EventRounds "7"]
[EventCountry "HUN"]
[SourceTitle "EXT 2011"]
[Source "ChessBase"]
[SourceDate "2010.11.26"]
[SourceVersion "1"]
[SourceVersionDate "2010.11.26"]
[SourceQuality "1"]

1. e4 e5 2. Nf3 Nf6 3. d4 Nxe4 4. dxe5 Be7 5. Qd5 Ng5 6. Nxg5 Bxg5 7. Bc4 0-0 8. f4 Bh6 9. 0-0 c6 10. Qd6 b5 11. Bb3 Qb6+ 12. Kh1 a5 13. c4 bxc4 14. Bxc4 Ba6 15. Nd2 Bxc4 16. Nxc4 Qb5 17. b3 a4 18. Ba3 Re8 19. Qd4 Qa6 20. Nd6 Rd8 21. Nf5 c5 22. Bxc5 Qe6 23. g4 Kh8 24. Qe4 d5 25. Qd3 Bxf4 26. Rxf4 Qxe5 27. Raf1 Nc6 28. Nd4 Nxd4 29. Bxd4 Qe6 30. Rxf7 Rg8 31. Qf5 Qe4+ 32. Qxe4 dxe4 33. Rd7 Ra6 34. Rxg7 1-0

[Event "Eger Tavasz op"]
[Site "Eger"]
[Date "2008.05.04"]
[Round "7"]
[White "Botos, Krisztian"]
[Black "Vanyo, Jozsef"]
[Result "1-0"]
[WhiteElo "1827"]
[BlackElo "1925"]
[PlyCount "61"]
[EventDate "2008.05.01"]
[EventType "swiss"]
[EventRounds "7"]
[EventCountry "HUN"]
[SourceTitle "EXT 2011"]
[Source "ChessBase"]
[SourceDate "2010.11.26"]
[SourceVersion "1"]
[SourceVersionDate "2010.11.26"]
[SourceQuality "1"]

1. e4 e6 2. d4 d5 3. exd5 exd5 4. c3 Nf6 5. Bd3 Qe7+ 6. Qe2 Qxe2+ 7. Nxe2 Be7 8. 0-0 0-0 9. Ng3 Be6 10. f4 Nc6 11. Nd2 Ng4 12. Nf3 f6 13. Nf5 Rad8 14. Nxe7+ Nxe7 15. Re1 Kf7 16. h3 Nh6 17. g4 Neg8 18. Bxh7 Ne7 19. Bd3 Rh8 20. f5 Bd7 21. Bf4 Rc8 22. Re2 Nc6 23. Rae1 Ng8 24. Kg2 Nge7 25. b4 a6 26. a4 Rhe8 27. a5 Na7 28. c4 c6 29. Bd6 Ng8 30. g5 Rxe2+ 31. Rxe2 1-0

[Event "Eger Tavasz op"]
[Site "Eger"]
[Date "2008.05.03"]
[Round "5"]
[White "Botos, Krisztian"]
[Black "Oros, Robert"]
[Result "0-1"]
[WhiteElo "1827"]
[BlackElo "2253"]
[PlyCount "78"]
[EventDate "2008.05.01"]
[EventType "swiss"]
[EventRounds "7"]
[EventCountry "HUN"]
[SourceTitle "EXT 2011"]
[Source "ChessBase"]
[SourceDate "2010.11.26"]
[SourceVersion "1"]
[SourceVersionDate "2010.11.26"]
[SourceQuality "1"]

1. e4 e5 2. Nf3 d6 3. d4 Nf6 4. Nc3 Nbd7 5. Bc4 Be7 6. 0-0 0-0 7. dxe5 dxe5 8. Bg5 c6 9. a3 Qc7 10. h3 b5 11. Ba2 Nc5 12. Nd2 Be6 13. Qe2 Bxa2 14. Nxa2 Ne6 15. Be3 Rfd8 16. Nc3 a6 17. Nf3 Nd4 18. Bxd4 exd4 19. Na2 Bc5 20. Qd3 Nd7 21. b4 Bb6 22. c4 Ne5 23. Nxe5 Qxe5 24. c5 Bc7 25. f4 Qe6 26. Nc1 Re8 27. e5 f6 28. Qxd4 fxe5 29. Qf2 exf4 30. Qa2 Rad8 31. Ne2 g5 32. h4 h6 33. hxg5 hxg5 34. g3 Rd5 35. Rae1 Qe3+ 36. Kg2 Qd2 37. Qxd2 Rxd2 38. Rf2 fxg3 39. Nxg3 Rxf2+ 0-1

[Event "Eger Tavasz op"]
[Site "Eger"]
[Date "2008.05.02"]
[Round "3"]
[White "Balogh, Pal"]
[Black "Botos, Krisztian"]
[Result "1/2-1/2"]
[WhiteElo "2005"]
[BlackElo "1827"]
[PlyCount "196"]
[EventDate "2008.05.01"]
[EventType "swiss"]
[EventRounds "7"]
[EventCountry "HUN"]
[SourceTitle "EXT 2011"]
[Source "ChessBase"]
[SourceDate "2010.11.26"]
[SourceVersion "1"]
[SourceVersionDate "2010.11.26"]
[SourceQuality "1"]

1. e4 c5 2. Nf3 d6 3. d4 cxd4 4. Nxd4 g6 5. Nc3 Bg7 6. Be2 Nf6 7. 0-0 0-0 8. Be3 Nbd7 9. Qd2 a6 10. f4 b5 11. Nc6 Qe8 12. e5 dxe5 13. fxe5 Ne4 14. Nxe4 Bb7 15. e6 fxe6 16. Nxe7+ Qxe7 17. Nd6 Bc6 18. c4 Be5 19. cxb5 axb5 20. Bxb5 Bxb5 21. Nxb5 Rxf1+ 22. Rxf1 Rxa2 23. Nc3 Ra8 24. Rd1 Nf6 25. h3 Rb8 26. Qf2 Qb7 27. Bc1 Qb6 28. Qxb6 Rxb6 29. g4 Rc6 30. Bg5 Bxc3 31. bxc3 Nd5 32. Ra1 Rxc3 33. Ra8+ Kf7 34. Ra7+ Rc7 35. Ra2 Kg7 36. Re2 h6 37. Bd8 Rc1+ 38. Kh2 Rc8 39. Ba5 Kf7 40. Rf2+ Ke7 41. Bd2 g5 42. h4 Nf6 43. Kh3 Ne4 44. Bb4+ Kd7 45. Rf7+ Kc6 46. Rh7 Rb8 47. Be1 Rb3+ 48. Kg2 Rb1 49. Ba5 Rb3 50. Be1 Re3 51. Kf1 Rf3+ 52. Ke2 Rf6 53. Ke3 Rf1 54. Ba5 Nf6 55. Rc7+ Kb5 56. Ke2 Rf4 57. hxg5 hxg5 58. Bd2 Rxg4 59. Rg7 Re4+ 60. Kd3 Rg4 61. Rxg5+ Rxg5 62. Bxg5 Nd7 63. Be7 Kc6 64. Kd4 Nb6 65. Ba3 Kd7 66. Bc5 Na4 67. Ba3 Nb6 68. Bf8 Nd5 69. Ba3 Nc7 70. Ke5 Nb5 71. Bf8 Nc3 72. Ba3 Nd5 73. Bf8 Ne3 74. Bg7 Nc4+ 75. Kd4 Nb6 76. Bh8 Ke7 77. Ke4 Nd7 78. Ba1 Kf7 79. Bb2 Nc5+ 80. Ke3 Kg6 81. Ba1 Kf5 82. Bh8 Nd7 83. Ba1 Ne5 84. Bc3 Ng4+ 85. Kf3 Nf6 86. Ba1 Ne4 87. Bh8 Nf6 88. Ke3 e5 89. Bxf6 Kxf6 90. Ke4 Ke6 91. Ke3 Kf5 92. Kf3 e4+ 93. Ke3 Ke5 94. Ke2 Kf4 95. Kf2 e3+ 96. Ke2 Ke4 97. Ke1 Kd3 98. Kd1 e2+ 1/2-1/2